Statistics for State Quiz - New York

Click here to take the quiz!

General Stats

  • This quiz has been taken 30,787 times
    (24,663 since last reset)
  • The average score is 12 of 20

Answer Stats

HintAnswer% Correct
State capitalAlbany
94%
Major set of waterfalls shared
with Canada
Niagara Falls
92%
Major river that flows to the sea
at New York City
Hudson
85%
Most populous islandsLong Island
83%
Second most populous cityBuffalo
82%
Most populous islandsManhattan
82%
Famous 1969 music festivalWoodstock
76%
Most populous islandsStaten Island
74%
Canal connecting the above to
the Great Lakes
Erie Canal
66%
State nicknameThe {Empire} State
64%
Third most populous cityRochester
58%
Cayuga, Seneca, Oneida, etc…The {Finger} Lakes
52%
1932 and 1980 Winter Olympics hostLake Placid
49%
Confederation of six different
Native American tribes
Iroquois
45%
Mountain range covering much
of northeast New York
Adirondack
Mountains
40%
Lake between New York and VermontChamplain
40%
Village home to the Baseball
Hall of Fame
Cooperstown
40%
Ichabod Crane's villageSleepy Hollow
38%
Mountain range in which the
"Borscht Belt" is located
Catskill Mountains
34%
Battles considered to be the
"turning point" of the Revolutionary War
Battles of {Saratoga}
28%

Score Distribution

Percentile by Number Answered

Percent of People with Each Score

Your Score History

You have not taken this quiz since the last reset